Antología del emigrante: "Nicaragua y sus tenebrosas historias de juventud" (Registro nro. 12185)
[ vista simple ]
| 000 -CABECERA | |
|---|---|
| campo de control de longitud fija | 00578nam a22002057a 4500 |
| 005 - FECHA Y HORA DE ACTUALIZACIÓN | |
| campo de control | 20190730183134.0 |
| 008 - LONGITUD FIJA | |
| campo de control de longitud fija | 190730b xxu||||| |||| 00| 0 spa d |
| 041 ## - IDIOMA | |
| Código de idioma del texto/pista de sonido o título separado | |
| 082 ## - CLASIFICACIÓN DECIMAL DEWEY | |
| Número de clasificación | N 863.44 Z25a |
| 100 ## - AUTOR PERSONAL | |
| Nombre de persona | Zamora Corea, Rodolfo |
| 245 ## - TÍTULO PROPIAMENTE DICHO | |
| Título | Antología del emigrante: "Nicaragua y sus tenebrosas historias de juventud" |
| 260 ## - PIE DE IMPRENTA | |
| Lugar de publicación, distribución, etc. | Costa Rica |
| 260 ## - PIE DE IMPRENTA | |
| Fecha de publicación, distribución, etc. | 2018 |
| 300 ## - DESCRIPCIÓN FÍSICA | |
| Extensión | 283 páginas |
| 650 ## - Materia General | |
| Materia general | NOVELA NICARAGÜENSE |
| 650 ## - Materia General | |
| Materia general | EMIGRANTE |
| 650 ## - Materia General | |
| Materia general | LITERATURA NICARAGÜENSE |
| 650 ## - Materia General | |
| Materia general | GUERRAS |
| 942 ## - Punto de Acceso Adicional Koha | |
| Tipo de ítem Koha | Literatura |
| Estado perdido | Estado dañado | No para préstamo | Biblioteca permanente | Biblioteca actual | Signatura completa | Código de barras | Tipo de ítem |
|---|---|---|---|---|---|---|---|
| Departamento de Biblioteca y Documentación Alfonso Chase Brenes | Departamento de Biblioteca y Documentación Alfonso Chase Brenes | N 863.44 Z25a | 24471 | Literatura | |||
| Departamento de Biblioteca y Documentación Alfonso Chase Brenes | Departamento de Biblioteca y Documentación Alfonso Chase Brenes | N 863.44 Z25a | 24472 | Literatura |